000 00266nam a22001097a 4500
008 170126b xxu||||| |||| 00| 0 eng d
020 _a9781416001836
041 _aeng
080 _27TH
_a61
245 _aVASCULAR AND ENDOVASCULAR SURGERY
_cMOORE, W.S
942 _2udc
_cBK
999 _c3762
_d3762